000 00662nam a22001817a 4500
003 0
005 20250917110748.0
008 250917b xxu||||| |||| 00| 0 eng d
020 _a978-1-394-22861-4
050 _aQA 76.87
_b.D96 2025
245 _aDynamical behaviors of multiweighted complex network systems /
_cJin-Liang Wang, Shun-Yan Ren, Huai-Ning Wu, and Tingwen Huang.
260 _aHoboken, New Jersey :
_bJohn Wiley & Sons, Inc.,
_c2025.
300 _axvii, 232 pages :
_billustrations ;
_c24 cm.
504 _aIncludes bibliographical references and index.
650 _aNeutral networks (Computer science).
650 _aDynamics.
942 _2lcc
_cBK
999 _c368001
_d368001